Normal view MARC view
  • Ar. Amir Habib

Entry Personal Name

Number of records used in: 1

001 - CONTROL NUMBER

  • control field: 28384

003 - CONTROL NUMBER IDENTIFIER

  • control field: NUST

005 - DATE AND TIME OF LATEST TRANSACTION

  • control field: 20200210100336.0

008 - FIXED-LENGTH DATA ELEMENTS

  • fixed length control field: 200210|| aca||aabn | a|a d

040 ## - CATALOGING SOURCE

  • Original cataloging agency: NUST
  • Transcribing agency: NUST

100 ## - HEADING--PERSONAL NAME

  • Personal name: Ar. Amir Habib

670 ## - SOURCE DATA FOUND

  • Source citation: Work cat.: (NUST): Muhammad Bilal Khan 26852, Synthesis, Characterization and Investigation of Mechanical and Electrical Properties of Nano-Composite of MoS2 and Polystyrene(PS) /, 2015.
© 2023 Central Library, National University of Sciences and Technology. All Rights Reserved.